Statistics for Ncaa Power 5 Blue Teams-Any Shade

Click here to take the quiz!

General Stats

  • This quiz has been taken 7 times
  • The average score is 15 of 17

Answer Stats

HintAnswer% Correct
Pac-12Cal
100%
accDuke
100%
SECFlorida
100%
B-12Kansas
100%
SECKentucky
100%
B-10Michigan
100%
accNorth Carolina
100%
B-10Penn State
100%
accPitt
100%
accSyracuse
100%
Pac-12UCLA
100%
B-12West Virginia
100%
accGeorgia Tech
86%
accVirginia
86%
SECOle Miss
71%
accNotre Dame
57%
B-12BYU
43%

Score Distribution

Percentile by Number Answered

Percent of People with Each Score

Your Score History

You have not taken this quiz